000 00405nam a2200181Ia 4500
008 210210b1959 xxu||||| |||| 00| 0 eng d
041 _aeng
082 _a230/94
100 _aKEMPIS (Thomas)
245 _aImitation of christ
260 _aLondon
_bBurns & oates,
_c1959
300 _a217
650 _aof
650 _aImitation
650 _achrist
690 _aChristianity
906 _a001330
999 _c116457
_d116457